| 000 | 00835nam a2200217 i 4500 | ||
|---|---|---|---|
| 001 | 134212 | ||
| 003 | ES-MaACL | ||
| 005 | 20230906194626.0 | ||
| 007 | t| | ||
| 008 | 070906s1962 sp |||| | spa d | ||
| 080 | _a82-311.3"19" | ||
| 100 | 1 |
_aWheatley, Dennis. _9116613 |
|
| 245 | 1 | 0 |
_aNovelas escogidas / _cDennis Wheatley ; [trad. del inglés por Mª del Carmen Márquez y Mª de la Paz Ordoñez] ; prólogo de Salvador Bordoy Luque. |
| 260 |
_aMadrid : _bAguilar, _c[1962] |
||
| 300 |
_a1140 p., 1 retr. autor ; _c17 cm. |
||
| 505 | 8 | _aContiene: La espada del destino ; El talismán de Set ; El valle fabuloso ; El continente perdido | |
| 700 | 1 |
_aOrdóñez, María de la Paz. _987192 |
|
| 700 | 1 |
_aBordoy Luque, Salvador. _930424 |
|
| 700 | 1 |
_aMárquez Odriozola, María del Carmen. _977030 |
|
| 852 |
_aES-MaACL _jC-23717 |
||
| 999 |
_c134212 _d134212 |
||